Growing Cities in Kenya - Statistics

General Stats
  • This quiz has been taken 4 times
  • The average score is 2 of 10
Answer Stats
Population Population Gained City % Correct
1,208,333 302,706 Mombasa
100%
4,397,073 1,287,212 Nairobi
100%
323,881 123,596 Kikuyu
33%
475,716 228,216 Eldoret
0%
156,041 115,858 Juja
0%
397,957 143,941 Kisumu
0%
570,674 227,279 Nakuru
0%
172,569 132,618 Ongata Rongai
0%
490,120 251,791 Riuru
0%
251,407 115,021 Thika
0%
No matching quizzes found
Score Distribution
Percent of People with Each Score
Percentile by Number Answered
Your Score History
You have not taken this quiz